|
|
|
|
| LEADER |
00000cam a2200000 a 4500 |
| 001 |
vtls008381469 |
| 003 |
SK-MaSNL |
| 005 |
20260301205008.0 |
| 008 |
251001s1922 xo g 000 0 slo |
| 015 |
|
|
|a SNBA19191938-005974
|
| 035 |
|
|
|a SK01SNKBSKHR20010073686
|
| 035 |
|
|
|a urn:nbn:sk:snk-am3hsoh
|
| 035 |
|
|
|a 76634171-CB82-40C6-A14A-F291A07CEB26
|
| 035 |
|
|
|a urn:nbn:sk:snk-am00d7wn
|
| 035 |
|
|
|a SKM000076149
|
| 040 |
|
|
|a SNK
|b slo
|c SNK
|e AACR2
|
| 041 |
0 |
|
|a slo
|
| 043 |
|
|
|a e-cs---
|
| 044 |
|
|
|a xo
|c SK
|
| 080 |
|
|
|a 943.7
|2 1981
|
| 100 |
1 |
|
|a Kulhánek, František,
|d 1882-asi 1962
|4 aut
|9 203415
|
| 245 |
1 |
0 |
|a Ľudové dejiny československé
|b I. čiastka ľudovej vlastivedy
|c František Kulhánek
|
| 250 |
|
|
|a 2. dopln. vyd.
|
| 260 |
|
|
|a [Banská Bystrica]
|b Zemský učiteľský spolok na Slovensku
|c 1922
|e Banská Bystrica
|f Slovenská Grafia
|
| 300 |
|
|
|a 896 - xxiii s.
|b ilustrácie
|c 21 cm
|
| 504 |
|
|
|a Bibliografické odkazy ; register
|
| 650 |
0 |
7 |
|a vlastiveda
|2 SNKPH
|9 3887
|
| 651 |
|
7 |
|a Československo
|x dejiny
|2 SNKPHgeo
|9 161432
|
| 655 |
|
7 |
|a monografie
|2 SNKPH
|9 70139
|
| 852 |
|
|
|a Slovenská národná knižnica
|
| 958 |
|
|
|a EUIPO
|
| 958 |
|
|
|a OND
|
| 958 |
|
|
|a TL
|
| 958 |
|
|
|a SV
|
| 958 |
|
|
|a NB
|
| 958 |
|
|
|a CZ
|
| 999 |
|
|
|c 908521
|d 910451
|
| 952 |
|
|
|a SNK
|b SNK
|y PREZ
|7 0
|p 17A0778363
|o snkSC 5591
|i snk4541/55
|0 0
|1 0
|4 0
|d 2011-12-09
|f 1
|l 0
|r 2025-07-04 00:00:00
|w 2026-02-24
|
| 952 |
|
|
|t P60, <04>, [BOOK], {604}
|a SNK
|b SNK
|y VYP
|7 0
|p 17A0016092
|o snkSC 5591 D2
|0 0
|1 0
|4 0
|d 1996-10-29
|l 0
|r 2005-01-01 00:00:00
|w 2026-02-24
|